JSCA Japanese Stamp Specialized Catalogue 1996 (Record no. 1626)

000 -LEADER
fixed length control field 00419nam a22001697a 4500
003 - CONTROL NUMBER IDENTIFIER
control field OSt
005 - DATE AND TIME OF LATEST TRANSACTION
control field 20170415124328.0
008 - FIXED-LENGTH DATA ELEMENTS--GENERAL INFORMATION
fixed length control field 150625b xxu||||| |||| 00| 0 eng d
020 ## - INTERNATIONAL STANDARD BOOK NUMBER
International Standard Book Number 9784889636994
040 ## - CATALOGING SOURCE
Transcribing agency na
041 ## - LANGUAGE CODE
Language code of text/sound track or separate title eng
245 10 - TITLE STATEMENT
Title JSCA Japanese Stamp Specialized Catalogue 1996
260 ## - PUBLICATION, DISTRIBUTION, ETC. (IMPRINT)
Place of publication, distribution, etc. Tokyo, Japan
Name of publisher, distributor, etc. Japan Philatelic Society
300 ## - PHYSICAL DESCRIPTION
Extent 0 pages
700 1# - ADDED ENTRY--PERSONAL NAME
Personal name Mizuhara, Meiso
942 ## - ADDED ENTRY ELEMENTS (KOHA)
Source of classification or shelving scheme
Koha item type Stamp Catalogs
Holdings
Withdrawn status Lost status Source of classification or shelving scheme Damaged status Not for loan Collection code Permanent Location Current Location Date acquired Total Checkouts Full call number Barcode Date last seen Price effective from Koha item type Public note
          Richard Drews Northern Philatelic Library Northern Philatelic Library 06/25/2015   G7960 .A1 J899 1001857 06/28/2015 06/28/2015 Books  
          Al Hyman Northern Philatelic Library Northern Philatelic Library 04/15/2017   G7960 .A1 J899 1003116 04/15/2017 04/15/2017 Stamp Catalogs 1971

Powered by Koha